00235nam a2200085Ia 4500008004100000082001800041100002300059245005900082300000800141210430s9999 xx 000 0 und d a954.91 A2861D aBrig. Gulzar Ahmad aDifa e Pakistan ki La Zawal DastancBrig. Gulzar Ahmad a434